[Event "Qualifyer Villarobledo - Final"]
[Site "playchess.com #155699"]
[Date "2009.05.23"]
[Round "9"]
[White "Kendo"]
[Black "Unicorn"]
[Result "1/2-1/2"]
[WhiteElo "2776"]
[BlackElo "2546"]
[PlyCount "87"]
[EventDate "2009.05.23"]
[EventType "tourn (blitz)"]

1. d4 {[%emt 0:00:02]} e6 {[%emt 0:00:01]} 2. Nf3 {[%emt 0:00:03]} Nf6 {[%emt
0:00:01]} 3. Bg5 {[%emt 0:00:02]} c5 {[%emt 0:00:01]} 4. c3 {[%emt 0:00:10]}
Be7 {[%emt 0:00:03]} 5. Bxf6 {[%emt 0:00:05]} Bxf6 {[%emt 0:00:00]} 6. dxc5 {
[%emt 0:00:02]} O-O {[%emt 0:00:03]} 7. Nbd2 {[%emt 0:00:06]} b6 {[%emt 0:00:
03]} 8. cxb6 {[%emt 0:00:04]} Qxb6 {[%emt 0:00:00]} 9. Qb3 {[%emt 0:00:03]} Qc7
{[%emt 0:00:06]} 10. g3 {[%emt 0:00:13]} Nc6 {[%emt 0:00:10]} 11. Bg2 {[%emt 0:
00:03]} Ba6 {[%emt 0:00:01]} 12. Qa3 {[%emt 0:00:39]} Qb6 {[%emt 0:00:03]} 13.
Qb3 {[%emt 0:00:08]} Qa5 {[%emt 0:00:01]} 14. Qc2 {[%emt 0:00:02]} Rac8 {[%emt
0:00:05]} 15. Nb3 {[%emt 0:00:07]} Qb5 {[%emt 0:00:22]} 16. Qd2 {[%emt 0:00:05]
} e5 {[%emt 0:00:27]} 17. O-O {[%emt 0:00:16]} Qxe2 {[%emt 0:00:04]} 18. Qxe2 {
[%emt 0:00:04]} Bxe2 {[%emt 0:00:00]} 19. Rfe1 {[%emt 0:00:01]} Bc4 {[%emt 0:
00:09]} 20. Nc5 {[%emt 0:00:05]} d6 {[%emt 0:00:04]} 21. Nd7 {[%emt 0:00:04]}
Rfd8 {[%emt 0:00:09]} 22. Nxf6+ {[%emt 0:00:01]} gxf6 {[%emt 0:00:00]} 23. b3 {
[%emt 0:00:12]} Be6 {[%emt 0:00:02]} 24. c4 {[%emt 0:00:08]} a5 {[%emt 0:00:06]
} 25. Nd2 {[%emt 0:00:17]} Nb4 {[%emt 0:00:04]} 26. Rec1 {[%emt 0:00:06]} f5 {
[%emt 0:00:03]} 27. a3 {[%emt 0:00:04]} Nd3 {[%emt 0:00:01]} 28. Rc3 {[%emt 0:
00:02]} Nc5 {[%emt 0:00:04]} 29. Bf1 {[%emt 0:00:14]} Rb8 {[%emt 0:00:17]} 30.
Rb1 {[%emt 0:00:04]} e4 {[%emt 0:00:25]} 31. b4 {[%emt 0:00:04]} Na4 {[%emt 0:
00:06]} 32. Re3 {[%emt 0:00:06]} d5 {[%emt 0:00:04]} 33. cxd5 {[%emt 0:00:05]}
Bxd5 {[%emt 0:00:03]} 34. Nc4 {[%emt 0:00:04]} axb4 {[%emt 0:00:02]} 35. axb4 {
[%emt 0:00:04]} Nb6 {[%emt 0:00:06]} 36. Nxb6 {[%emt 0:00:05]} Rxb6 {[%emt 0:
00:00] Unicorn offers a draw} 37. b5 {[%emt 0:00:02]} Be6 {[%emt 0:00:09]} 38.
Rc3 {[%emt 0:00:08]} Rdb8 {[%emt 0:00:06]} 39. Rc7 {[%emt 0:00:06]} Kg7 {[%emt
0:00:04]} 40. Rbc1 {[%emt 0:00:01]} Kf6 {[%emt 0:00:02]} 41. Be2 {[%emt 0:00:
02]} R8b7 {[%emt 0:00:05]} 42. R7c6 {[%emt 0:00:04] Kendo bietet Remis} Kg7 {
[%emt 0:00:05]} 43. Rxb6 {[%emt 0:00:02]} Rxb6 {[%emt 0:00:01]} 44. Rc7 {[%emt
0:00:00] Unicorn offers a draw} 1/2-1/2

[Event "Qualifyer Villarobledo - Final"]
[Site "playchess.com #155699"]
[Date "2009.05.23"]
[Round "9"]
[White "Novoselski"]
[Black "-st!er-"]
[Result "1-0"]
[WhiteElo "2594"]
[BlackElo "2752"]
[PlyCount "101"]
[EventDate "2009.05.23"]
[EventType "tourn (blitz)"]

1. g3 {[%emt 0:00:02]} Nf6 {[%emt 0:00:03]} 2. Bg2 {[%emt 0:00:00]} d5 {[%emt
0:00:01]} 3. c4 {[%emt 0:00:02]} dxc4 {[%emt 0:00:02]} 4. Qa4+ {[%emt 0:00:02]}
c6 {[%emt 0:00:00]} 5. Qxc4 {[%emt 0:00:01]} e5 {[%emt 0:00:01]} 6. Nf3 {[%emt
0:00:08]} Be6 {[%emt 0:00:01]} 7. Qc2 {[%emt 0:00:02]} Nbd7 {[%emt 0:00:06]} 8.
Nc3 {[%emt 0:00:07]} h6 {[%emt 0:00:02]} 9. d3 {[%emt 0:00:03]} Be7 {[%emt 0:
00:01]} 10. O-O {[%emt 0:00:02]} O-O {[%emt 0:00:01]} 11. Bd2 {[%emt 0:00:03]}
Re8 {[%emt 0:00:01]} 12. Ne4 {[%emt 0:00:04]} Nxe4 {[%emt 0:00:03]} 13. dxe4 {
[%emt 0:00:01]} a5 {[%emt 0:00:01]} 14. Rfd1 {[%emt 0:00:02]} a4 {[%emt 0:00:
05]} 15. Bc3 {[%emt 0:00:16]} f6 {[%emt 0:00:05]} 16. Nh4 {[%emt 0:00:03]} Qb6
{[%emt 0:00:09]} 17. Nf5 {[%emt 0:00:05]} Bc5 {[%emt 0:00:01]} 18. e3 {[%emt 0:
00:04]} Nf8 {[%emt 0:00:01]} 19. Bf1 {[%emt 0:00:04]} g6 {[%emt 0:00:08]} 20.
Nh4 {[%emt 0:00:04]} Kg7 {[%emt 0:00:17]} 21. Rd2 {[%emt 0:00:02]} Re7 {[%emt
0:00:11]} 22. Bd3 {[%emt 0:00:10]} Bb4 {[%emt 0:00:08]} 23. Bxb4 {[%emt 0:00:
17]} Qxb4 {[%emt 0:00:02]} 24. a3 {[%emt 0:00:01]} Qb3 {[%emt 0:00:02]} 25.
Qxb3 {[%emt 0:00:01]} Bxb3 {[%emt 0:00:01]} 26. Bc2 {[%emt 0:00:05]} Bxc2 {
[%emt 0:00:01]} 27. Rxc2 {[%emt 0:00:01]} Rd7 {[%emt 0:00:00]} 28. Nf3 {[%emt
0:00:10]} Ne6 {[%emt 0:00:01]} 29. Kf1 {[%emt 0:00:05]} Ra5 {[%emt 0:00:06]}
30. Ke2 {[%emt 0:00:06]} Rb5 {[%emt 0:00:09]} 31. Rac1 {[%emt 0:00:03]} Kf7 {
[%emt 0:00:03]} 32. Ne1 {[%emt 0:00:04]} h5 {[%emt 0:00:20]} 33. Nd3 {[%emt 0:
00:07]} Ke7 {[%emt 0:00:27]} 34. Rc4 {[%emt 0:00:03]} Ra5 {[%emt 0:00:10]} 35.
f4 {[%emt 0:00:13]} Rd8 {[%emt 0:00:36]} 36. h4 {[%emt 0:00:02]} Rd7 {[%emt 0:
00:03]} 37. f5 {[%emt 0:00:01]} gxf5 {[%emt 0:00:19]} 38. exf5 {[%emt 0:00:01]}
Ng7 {[%emt 0:00:00]} 39. e4 {[%emt 0:00:01]} Ne8 {[%emt 0:00:03]} 40. Ke3 {
[%emt 0:00:12]} Nd6 {[%emt 0:00:03]} 41. R4c2 {[%emt 0:00:12]} Rd8 {[%emt 0:00:
02]} 42. Nf2 {[%emt 0:00:09]} Rb5 {[%emt 0:00:04]} 43. Nd3 {[%emt 0:00:14]} Rg8
{[%emt 0:00:11]} 44. Kf3 {[%emt 0:00:02]} Rd8 {[%emt 0:00:06]} 45. Rc3 {[%emt
0:00:03]} Ra5 {[%emt 0:00:04]} 46. Nc5 {[%emt 0:00:06]} Raa8 {[%emt 0:00:01]}
47. Ne6 {[%emt 0:00:01]} Rg8 {[%emt 0:00:01]} 48. Rd1 {[%emt 0:00:02]} Nb5 {
[%emt 0:00:02]} 49. Rcd3 {[%emt 0:00:03]} Nd4+ {[%emt 0:00:03]} 50. Nxd4 {
[%emt 0:00:01]} exd4 {[%emt 0:00:00]} 51. Rxd4 {[%emt 0:00:00] -st!er- resigns}
1-0

[Event "Qualifyer Villarobledo - Final"]
[Site "playchess.com #155699"]
[Date "2009.05.23"]
[Round "10"]
[White "Unicorn"]
[Black "Africanchamp"]
[Result "0-1"]
[WhiteElo "2556"]
[BlackElo "2793"]
[PlyCount "82"]
[EventDate "2009.05.23"]
[EventType "tourn (blitz)"]

1. d4 {[%emt 0:00:01]} Nf6 {[%emt 0:00:03]} 2. c4 {[%emt 0:00:01]} e6 {[%emt 0:
00:01]} 3. Nc3 {[%emt 0:00:01]} Bb4 {[%emt 0:00:02]} 4. e3 {[%emt 0:00:01]} O-O
{[%emt 0:00:03]} 5. Nge2 {[%emt 0:00:01]} d5 {[%emt 0:00:01]} 6. a3 {[%emt 0:
00:03]} Be7 {[%emt 0:00:02]} 7. cxd5 {[%emt 0:00:04]} exd5 {[%emt 0:00:01]} 8.
g3 {[%emt 0:00:01]} c6 {[%emt 0:00:01]} 9. Bg2 {[%emt 0:00:08]} Re8 {[%emt 0:
00:01]} 10. O-O {[%emt 0:00:03]} Bf8 {[%emt 0:00:09]} 11. f3 {[%emt 0:00:04]}
c5 {[%emt 0:00:01]} 12. dxc5 {[%emt 0:00:13]} Bxc5 {[%emt 0:00:03]} 13. Nd4 {
[%emt 0:00:01]} Nc6 {[%emt 0:00:02]} 14. Nce2 {[%emt 0:00:04]} Bb6 {[%emt 0:00:
07]} 15. Kh1 {[%emt 0:00:05]} Ne5 {[%emt 0:00:02]} 16. b3 {[%emt 0:00:05]} Bd7
{[%emt 0:00:02]} 17. Bb2 {[%emt 0:00:05]} Rc8 {[%emt 0:00:01]} 18. Rc1 {[%emt
0:00:01]} Qe7 {[%emt 0:00:02]} 19. Rxc8 {[%emt 0:00:13]} Rxc8 {[%emt 0:00:00]}
20. Qd2 {[%emt 0:00:01]} Re8 {[%emt 0:00:03]} 21. Rc1 {[%emt 0:00:16]} Nc6 {
[%emt 0:00:01]} 22. Rc3 {[%emt 0:00:10]} Ba5 {[%emt 0:00:02]} 23. b4 {[%emt 0:
00:01]} Bb6 {[%emt 0:00:01]} 24. Nxc6 {[%emt 0:00:07]} bxc6 {[%emt 0:00:09]}
25. Nd4 {[%emt 0:00:02]} c5 {[%emt 0:00:01]} 26. bxc5 {[%emt 0:00:07]} Bxc5 {
[%emt 0:00:00]} 27. Rd3 {[%emt 0:00:11]} Rb8 {[%emt 0:00:05]} 28. h4 {[%emt 0:
00:20]} Qe5 {[%emt 0:00:09]} 29. f4 {[%emt 0:00:11]} Qh5 {[%emt 0:00:10]} 30.
Qc1 {[%emt 0:00:24]} Bf8 {[%emt 0:00:02]} 31. Nf3 {[%emt 0:00:06]} Ne4 {[%emt
0:00:06]} 32. Kh2 {[%emt 0:00:02]} Qg4 {[%emt 0:00:06]} 33. Be5 {[%emt 0:00:12]
} Qxg3+ {[%emt 0:00:03]} 34. Kg1 {[%emt 0:00:02]} Bh3 {[%emt 0:00:06]} 35. Ne1
{[%emt 0:00:22]} Bxg2 {[%emt 0:00:07]} 36. Nxg2 {[%emt 0:00:00]} Rb6 {[%emt 0:
00:13]} 37. Rxd5 {[%emt 0:00:08]} Qf2+ {[%emt 0:00:04]} 38. Kh2 {[%emt 0:00:01]
} Rg6 {[%emt 0:00:02]} 39. Qg1 {[%emt 0:00:04]} Qg3+ {[%emt 0:00:04]} 40. Kh1 {
[%emt 0:00:01]} Nf2+ {[%emt 0:00:01]} 41. Qxf2 {[%emt 0:00:02] Unicorn resigns}
Qxf2 {[%emt 0:00:02]} 0-1

[Event "Qualifyer Villarobledo - Final"]
[Site "playchess.com #155699"]
[Date "2009.05.23"]
[Round "10"]
[White "Hauberk"]
[Black "Kendo"]
[Result "0-1"]
[WhiteElo "2435"]
[BlackElo "2766"]
[PlyCount "70"]
[EventDate "2009.05.23"]
[EventType "tourn (blitz)"]

1. e4 {[%emt 0:00:10]} c5 {[%emt 0:00:02]} 2. Nc3 {[%emt 0:00:01]} e6 {[%emt 0:
00:03]} 3. Nf3 {[%emt 0:00:01]} a6 {[%emt 0:00:02]} 4. d4 {[%emt 0:00:01]} cxd4
{[%emt 0:00:00]} 5. Nxd4 {[%emt 0:00:00]} Qc7 {[%emt 0:00:01]} 6. Bd3 {[%emt 0:
00:01]} Nc6 {[%emt 0:00:05]} 7. Be3 {[%emt 0:00:07]} Nf6 {[%emt 0:00:03]} 8. f4
{[%emt 0:00:02]} Nxd4 {[%emt 0:00:06]} 9. Bxd4 {[%emt 0:00:01]} Qxf4 {[%emt 0:
00:02]} 10. Ne2 {[%emt 0:00:11]} Qc7 {[%emt 0:00:15]} 11. e5 {[%emt 0:00:06]}
Ng4 {[%emt 0:00:13]} 12. Qd2 {[%emt 0:00:01]} Nxe5 {[%emt 0:00:05]} 13. O-O-O {
[%emt 0:00:03]} Be7 {[%emt 0:00:13]} 14. Kb1 {[%emt 0:00:04]} d6 {[%emt 0:00:
06]} 15. Nf4 {[%emt 0:00:08]} Bd7 {[%emt 0:00:15]} 16. Qe3 {[%emt 0:00:06]} Bc6
{[%emt 0:00:14]} 17. Nh5 {[%emt 0:00:04]} g6 {[%emt 0:00:05]} 18. Ng7+ {[%emt
0:00:09]} Kf8 {[%emt 0:00:08]} 19. Qh6 {[%emt 0:00:04]} Kg8 {[%emt 0:00:06]}
20. Rhf1 {[%emt 0:00:30]} Bf8 {[%emt 0:00:08]} 21. Nxe6 {[%emt 0:00:14]} fxe6 {
[%emt 0:00:00]} 22. Qh3 {[%emt 0:00:01]} Qe7 {[%emt 0:00:11]} 23. Bxe5 {[%emt
0:00:04]} dxe5 {[%emt 0:00:05]} 24. Bc4 {[%emt 0:00:02]} Re8 {[%emt 0:00:07]}
25. Qg4 {[%emt 0:00:10]} Bh6 {[%emt 0:00:22]} 26. h4 {[%emt 0:00:04]} Kg7 {
[%emt 0:00:02]} 27. h5 {[%emt 0:00:01]} Rhf8 {[%emt 0:00:03]} 28. hxg6 {[%emt
0:00:01]} hxg6 {[%emt 0:00:03]} 29. Rh1 {[%emt 0:00:11]} Qg5 {[%emt 0:00:16]}
30. Qe2 {[%emt 0:00:01]} Re7 {[%emt 0:00:07]} 31. Rd6 {[%emt 0:00:12]} Qxg2 {
[%emt 0:00:07]} 32. Qxg2 {[%emt 0:00:06]} Bxg2 {[%emt 0:00:00]} 33. Rg1 {[%emt
0:00:01]} Bc6 {[%emt 0:00:04]} 34. Bxe6 {[%emt 0:00:02]} Rf6 {[%emt 0:00:01]}
35. c4 {[%emt 0:00:02]} Rfxe6 {[%emt 0:00:01] Hauberk resigns} 0-1

[Event "Qualifyer Villarobledo - Final"]
[Site "playchess.com #155699"]
[Date "2009.05.23"]
[Round "10"]
[White "Necromant"]
[Black "Artur95"]
[Result "1-0"]
[WhiteElo "2625"]
[BlackElo "2426"]
[PlyCount "69"]
[EventDate "2009.05.23"]
[EventType "tourn (blitz)"]

1. e4 {[%emt 0:00:08]} c5 {[%emt 0:00:01]} 2. Nf3 {[%emt 0:00:01]} d6 {[%emt 0:
00:00]} 3. d4 {[%emt 0:00:00]} cxd4 {[%emt 0:00:00]} 4. Nxd4 {[%emt 0:00:00]}
Nf6 {[%emt 0:00:00]} 5. Nc3 {[%emt 0:00:00]} g6 {[%emt 0:00:00]} 6. Be3 {[%emt
0:00:02]} Bg7 {[%emt 0:00:00]} 7. f3 {[%emt 0:00:01]} O-O {[%emt 0:00:01]} 8.
Qd2 {[%emt 0:00:01]} Nc6 {[%emt 0:00:01]} 9. Bc4 {[%emt 0:00:01]} Bd7 {[%emt 0:
00:01]} 10. Bb3 {[%emt 0:00:01]} Qa5 {[%emt 0:00:01]} 11. O-O-O {[%emt 0:00:03]
} Rfc8 {[%emt 0:00:00]} 12. g4 {[%emt 0:00:13]} Ne5 {[%emt 0:00:03]} 13. Kb1 {
[%emt 0:00:04]} Nc4 {[%emt 0:00:01]} 14. Bxc4 {[%emt 0:00:03]} Rxc4 {[%emt 0:
00:00]} 15. Nb3 {[%emt 0:00:01]} Qa6 {[%emt 0:00:01]} 16. Bd4 {[%emt 0:00:04]}
Be6 {[%emt 0:00:09]} 17. h4 {[%emt 0:00:10]} Rac8 {[%emt 0:00:05]} 18. h5 {
[%emt 0:00:08]} b5 {[%emt 0:00:02]} 19. Rc1 {[%emt 0:00:09]} b4 {[%emt 0:00:21]
} 20. Ne2 {[%emt 0:00:01]} R4c6 {[%emt 0:00:32]} 21. Nf4 {[%emt 0:00:14]} Qa4 {
[%emt 0:00:24]} 22. Nxe6 {[%emt 0:00:42]} fxe6 {[%emt 0:00:13]} 23. c4 {[%emt
0:00:55]} Ra6 {[%emt 0:00:23]} 24. Qd3 {[%emt 0:00:06]} Qxa2+ {[%emt 0:00:45] '
} 25. Kc2 {[%emt 0:00:02]} Qa4 {[%emt 0:00:19]} 26. Ra1 {[%emt 0:00:09]} Qc6 {
[%emt 0:00:01]} 27. Rxa6 {[%emt 0:00:02]} Qxa6 {[%emt 0:00:00]} 28. c5 {[%emt
0:00:02]} Qxd3+ {[%emt 0:00:04]} 29. Kxd3 {[%emt 0:00:01]} Nd7 {[%emt 0:00:02]}
30. cxd6 {[%emt 0:00:08]} exd6 {[%emt 0:00:02]} 31. hxg6 {[%emt 0:00:01]} hxg6
{[%emt 0:00:02]} 32. Ra1 {[%emt 0:00:02]} Bxd4 {[%emt 0:00:03]} 33. Nxd4 {
[%emt 0:00:01]} Ne5+ {[%emt 0:00:05]} 34. Ke2 {[%emt 0:00:09]} Rc2+ {[%emt 0:
00:02]} 35. Nxc2 {[%emt 0:00:02] Artur95 ñäàåòñÿ} 1-0

[Event "Qualifyer Villarobledo - Final"]
[Site "playchess.com #155699"]
[Date "2009.05.23"]
[Round "10"]
[White "Yang Guo"]
[Black "Us6"]
[Result "0-1"]
[WhiteElo "2772"]
[BlackElo "2607"]
[PlyCount "84"]
[EventDate "2009.05.23"]
[EventType "tourn (blitz)"]

1. e4 {[%emt 0:00:03]} c5 {[%emt 0:00:01]} 2. Nf3 {[%emt 0:00:01]} d6 {[%emt 0:
00:01]} 3. d4 {[%emt 0:00:01]} Nf6 {[%emt 0:00:01]} 4. Nc3 {[%emt 0:00:01]}
cxd4 {[%emt 0:00:01]} 5. Nxd4 {[%emt 0:00:00]} a6 {[%emt 0:00:01]} 6. Bg5 {
[%emt 0:00:01]} e6 {[%emt 0:00:01]} 7. f4 {[%emt 0:00:01]} Nc6 {[%emt 0:00:01]}
8. e5 {[%emt 0:00:03]} dxe5 {[%emt 0:00:05]} 9. Nxc6 {[%emt 0:00:03]} Qxd1+ {
[%emt 0:00:01]} 10. Rxd1 {[%emt 0:00:01]} bxc6 {[%emt 0:00:01]} 11. fxe5 {
[%emt 0:00:01]} h6 {[%emt 0:00:00]} 12. Bh4 {[%emt 0:00:26]} Nd7 {[%emt 0:00:
03] Us6 offers a draw} 13. Ne4 {[%emt 0:00:12]} Bb7 {[%emt 0:00:19]} 14. Nd6+ {
[%emt 0:00:10]} Bxd6 {[%emt 0:00:02]} 15. exd6 {[%emt 0:00:00]} g5 {[%emt 0:00:
03]} 16. Bf2 {[%emt 0:00:03]} c5 {[%emt 0:00:04]} 17. Rg1 {[%emt 0:00:31]} f5 {
[%emt 0:00:04]} 18. Bc4 {[%emt 0:00:13]} Kf7 {[%emt 0:00:02]} 19. a3 {[%emt 0:
00:09]} Rac8 {[%emt 0:00:05]} 20. Kd2 {[%emt 0:00:03]} Kf6 {[%emt 0:00:05]} 21.
Rge1 {[%emt 0:00:02]} Rhe8 {[%emt 0:00:01]} 22. g3 {[%emt 0:00:02]} Bf3 {[%emt
0:00:16]} 23. Be2 {[%emt 0:00:10]} Bxe2 {[%emt 0:00:06]} 24. Rxe2 {[%emt 0:00:
00]} Rc6 {[%emt 0:00:01]} 25. Kc3 {[%emt 0:00:01]} e5 {[%emt 0:00:02]} 26. Red2
{[%emt 0:00:06]} e4 {[%emt 0:00:03]} 27. Be3 {[%emt 0:00:02]} Re6 {[%emt 0:00:
08]} 28. Kc4 {[%emt 0:00:08]} Nb6+ {[%emt 0:00:02]} 29. Kc3 {[%emt 0:00:01]}
Nd7 {[%emt 0:00:10]} 30. h4 {[%emt 0:00:02]} gxh4 {[%emt 0:00:20]} 31. gxh4 {
[%emt 0:00:02]} Kf7 {[%emt 0:00:09]} 32. Bf4 {[%emt 0:00:06]} Ke8 {[%emt 0:00:
16]} 33. Rg1 {[%emt 0:00:04]} Nf6 {[%emt 0:00:01]} 34. Rg7 {[%emt 0:00:29]} e3
{[%emt 0:00:37]} 35. d7+ {[%emt 0:00:32]} Kd8 {[%emt 0:00:01]} 36. Rd3 {[%emt
0:00:02]} e2 {[%emt 0:00:26] '} 37. Bg3 {[%emt 0:00:16]} Ne4+ {[%emt 0:00:25]}
38. Kc4 {[%emt 0:00:01]} Nd6+ {[%emt 0:00:00]} 39. Bxd6 {[%emt 0:00:03]} Rcxd6
{[%emt 0:00:01]} 40. Rxd6 {[%emt 0:00:05]} Rxd6 {[%emt 0:00:00]} 41. Rg1 {
[%emt 0:00:03]} Rd1 {[%emt 0:00:01]} 42. Rg8+ {[%emt 0:00:01]} Kxd7 {[%emt 0:
00:01] Time} 0-1

[Event "Qualifyer Villarobledo - Final"]
[Site "playchess.com #155699"]
[Date "2009.05.23"]
[Round "10"]
[White "Mtv star"]
[Black "Novoselski"]
[Result "1/2-1/2"]
[WhiteElo "2370"]
[BlackElo "2618"]
[PlyCount "259"]
[EventDate "2009.05.23"]
[EventType "tourn (blitz)"]

1. d4 {[%emt 0:00:01]} e6 {[%emt 0:00:01]} 2. c4 {[%emt 0:00:01]} f5 {[%emt 0:
00:01]} 3. Nc3 {[%emt 0:00:01]} Nf6 {[%emt 0:00:01]} 4. g3 {[%emt 0:00:00]} Be7
{[%emt 0:00:02]} 5. Bg2 {[%emt 0:00:00]} O-O {[%emt 0:00:01]} 6. Nf3 {[%emt 0:
00:00]} d6 {[%emt 0:00:01]} 7. O-O {[%emt 0:00:01]} Ne4 {[%emt 0:00:01]} 8. Nd2
{[%emt 0:00:06] Mtv star offers a draw} Nxc3 {[%emt 0:00:04]} 9. bxc3 {[%emt 0:
00:02]} e5 {[%emt 0:00:03]} 10. e4 {[%emt 0:00:02]} f4 {[%emt 0:00:01]} 11.
gxf4 {[%emt 0:00:05]} exf4 {[%emt 0:00:03]} 12. f3 {[%emt 0:00:05]} c5 {[%emt
0:00:05]} 13. Nb3 {[%emt 0:00:18]} Be6 {[%emt 0:00:03]} 14. Qe2 {[%emt 0:00:05]
} Qe8 {[%emt 0:00:11]} 15. a4 {[%emt 0:00:21]} Qf7 {[%emt 0:00:12]} 16. d5 {
[%emt 0:00:02]} Bc8 {[%emt 0:00:03]} 17. e5 {[%emt 0:00:01]} dxe5 {[%emt 0:00:
03]} 18. Qxe5 {[%emt 0:00:00]} Nd7 {[%emt 0:00:08]} 19. Qe2 {[%emt 0:00:09]}
Bd6 {[%emt 0:00:03]} 20. a5 {[%emt 0:00:15]} Ne5 {[%emt 0:00:03]} 21. Ba3 {
[%emt 0:00:03]} Qc7 {[%emt 0:00:09]} 22. Kh1 {[%emt 0:00:04]} Bf5 {[%emt 0:00:
02]} 23. Bxc5 {[%emt 0:00:09]} Bd3 {[%emt 0:00:08]} 24. Bxd6 {[%emt 0:00:04]}
Qxd6 {[%emt 0:00:00]} 25. c5 {[%emt 0:00:44]} Qxd5 {[%emt 0:00:05]} 26. Qd1 {
[%emt 0:00:04]} Rad8 {[%emt 0:00:14]} 27. Re1 {[%emt 0:00:21]} Nc4 {[%emt 0:00:
08]} 28. Nd4 {[%emt 0:00:04]} Bf5 {[%emt 0:00:05]} 29. Qb3 {[%emt 0:00:14]} Ne3
{[%emt 0:00:02]} 30. Qxd5+ {[%emt 0:00:03]} Rxd5 {[%emt 0:00:00]} 31. a6 {
[%emt 0:00:03]} bxa6 {[%emt 0:00:05]} 32. c6 {[%emt 0:00:01]} a5 {[%emt 0:00:
06]} 33. Bf1 {[%emt 0:00:09]} Rc5 {[%emt 0:00:02]} 34. Bb5 {[%emt 0:00:12]} Bc8
{[%emt 0:00:04]} 35. Ba4 {[%emt 0:00:09]} Rd8 {[%emt 0:00:12]} 36. Rac1 {[%emt
0:00:02]} g5 {[%emt 0:00:05]} 37. Rg1 {[%emt 0:00:03]} h6 {[%emt 0:00:02]} 38.
Rge1 {[%emt 0:00:03]} Kf7 {[%emt 0:00:02]} 39. Bb3+ {[%emt 0:00:01]} Kf6 {
[%emt 0:00:01]} 40. Kg1 {[%emt 0:00:01]} Ba6 {[%emt 0:00:16] '} 41. Ne6 {[%emt
0:00:04]} Rdd5 {[%emt 0:00:13]} 42. Nxc5 {[%emt 0:00:03]} Rxc5 {[%emt 0:00:01]}
43. Ba4 {[%emt 0:00:02]} Bb5 {[%emt 0:00:04]} 44. Bxb5 {[%emt 0:00:01]} Rxb5 {
[%emt 0:00:00]} 45. Rb1 {[%emt 0:00:06] Mtv star offers a draw} Rc5 {[%emt 0:
00:01]} 46. Rb7 {[%emt 0:00:01]} Rxc6 {[%emt 0:00:02]} 47. Rxa7 {[%emt 0:00:00]
} h5 {[%emt 0:00:07]} 48. Ra1 {[%emt 0:00:01]} Nc4 {[%emt 0:00:04]} 49. Rd1 {
[%emt 0:00:03]} Re6 {[%emt 0:00:06]} 50. Rdd7 {[%emt 0:00:04]} Ne5 {[%emt 0:00:
15]} 51. Rh7 {[%emt 0:00:01]} Nxf3+ {[%emt 0:00:01]} 52. Kf2 {[%emt 0:00:00]}
Ne5 {[%emt 0:00:06]} 53. Rh6+ {[%emt 0:00:02]} Ng6 {[%emt 0:00:01]} 54. Rxa5 {
[%emt 0:00:02]} h4 {[%emt 0:00:03]} 55. Rh5 {[%emt 0:00:02]} g4 {[%emt 0:00:09]
} 56. Rhf5+ {[%emt 0:00:03]} Kg7 {[%emt 0:00:01]} 57. Rg5 {[%emt 0:00:01]} g3+
{[%emt 0:00:03]} 58. hxg3 {[%emt 0:00:00]} hxg3+ {[%emt 0:00:01]} 59. Kf3 {
[%emt 0:00:02]} Kf6 {[%emt 0:00:11]} 60. Raf5+ {[%emt 0:00:03]} Ke7 {[%emt 0:
00:01]} 61. Ra5 {[%emt 0:00:10]} Re3+ {[%emt 0:00:06]} 62. Kg4 {[%emt 0:00:01]}
g2 {[%emt 0:00:08]} 63. Kf5 {[%emt 0:00:01]} Nh4+ {[%emt 0:00:11]} 64. Kxf4 {
[%emt 0:00:02]} Rf3+ {[%emt 0:00:03]} 65. Ke4 {[%emt 0:00:01]} Rf1 {[%emt 0:00:
02]} 66. Ra7+ {[%emt 0:00:01]} Kf6 {[%emt 0:00:01]} 67. Rag7 {[%emt 0:00:02]}
Re1+ {[%emt 0:00:04]} 68. Kd3 {[%emt 0:00:01]} Rd1+ {[%emt 0:00:03]} 69. Kc2 {
[%emt 0:00:01]} Rf1 {[%emt 0:00:03]} 70. Rxg2 {[%emt 0:00:01]} Nxg2 {[%emt 0:
00:01]} 71. Rxg2 {[%emt 0:00:00]} Ke6 {[%emt 0:00:00]} 72. Rd2 {[%emt 0:00:01]}
Rf4 {[%emt 0:00:02]} 73. Kb3 {[%emt 0:00:01]} Rf3 {[%emt 0:00:00]} 74. Kb4 {
[%emt 0:00:02]} Rf8 {[%emt 0:00:03]} 75. c4 {[%emt 0:00:01]} Rb8+ {[%emt 0:00:
00]} 76. Kc3 {[%emt 0:00:01]} Rc8 {[%emt 0:00:01]} 77. Rd1 {[%emt 0:00:02]} Ke5
{[%emt 0:00:01]} 78. Kb4 {[%emt 0:00:03]} Rb8+ {[%emt 0:00:01]} 79. Kc3 {[%emt
0:00:03]} Rc8 {[%emt 0:00:01]} 80. Re1+ {[%emt 0:00:05]} Kd6 {[%emt 0:00:01]}
81. Kd4 {[%emt 0:00:01]} Rh8 {[%emt 0:00:03]} 82. Re4 {[%emt 0:00:02]} Rh6 {
[%emt 0:00:02]} 83. Kc3 {[%emt 0:00:04]} Kc6 {[%emt 0:00:01]} 84. Kb4 {[%emt 0:
00:01]} Rg6 {[%emt 0:00:01]} 85. Re5 {[%emt 0:00:01]} Rh6 {[%emt 0:00:01]} 86.
Ra5 {[%emt 0:00:02]} Kb6 {[%emt 0:00:02]} 87. c5+ {[%emt 0:00:02]} Kb7 {[%emt
0:00:01]} 88. Rb5+ {[%emt 0:00:04]} Kc7 {[%emt 0:00:01]} 89. Ra5 {[%emt 0:00:
00]} Kb7 {[%emt 0:00:01]} 90. Ra2 {[%emt 0:00:04]} Kc7 {[%emt 0:00:02]} 91. Kb5
{[%emt 0:00:03]} Kb7 {[%emt 0:00:01]} 92. Rg2 {[%emt 0:00:02]} Kc7 {[%emt 0:00:
02]} 93. Rg7+ {[%emt 0:00:02]} Kc8 {[%emt 0:00:01]} 94. Rf7 {[%emt 0:00:03]}
Kb8 {[%emt 0:00:02]} 95. Kc4 {[%emt 0:00:09]} Kc8 {[%emt 0:00:01]} 96. Kb4 {
[%emt 0:00:01]} Kb8 {[%emt 0:00:01]} 97. Kb5 {[%emt 0:00:01]} Kc8 {[%emt 0:00:
01]} 98. Re7 {[%emt 0:00:01]} Kb8 {[%emt 0:00:01]} 99. Rd7 {[%emt 0:00:00]} Kc8
{[%emt 0:00:01]} 100. Ra7 {[%emt 0:00:01]} Kb8 {[%emt 0:00:01]} 101. Ra4 {
[%emt 0:00:02]} Kb7 {[%emt 0:00:02]} 102. Rd4 {[%emt 0:00:02]} Kc7 {[%emt 0:00:
01] Novoselski offers a draw} 103. Rd5 {[%emt 0:00:02]} Rg6 {[%emt 0:00:02]}
104. Rf5 {[%emt 0:00:01]} Rh6 {[%emt 0:00:01]} 105. Rf7+ {[%emt 0:00:02]} Kc8 {
[%emt 0:00:01]} 106. Re7 {[%emt 0:00:05]} Rg6 {[%emt 0:00:06]} 107. Ra7 {[%emt
0:00:01]} Rh6 {[%emt 0:00:01]} 108. Ra6 {[%emt 0:00:01]} Rh7 {[%emt 0:00:07]}
109. Ra8+ {[%emt 0:00:09]} Kb7 {[%emt 0:00:02]} 110. Re8 {[%emt 0:00:01]} Kc7 {
[%emt 0:00:03]} 111. Rg8 {[%emt 0:00:03]} Rf7 {[%emt 0:00:02]} 112. Rg6 {[%emt
0:00:01]} Rh7 {[%emt 0:00:03]} 113. Ra6 {[%emt 0:00:01]} Kb8 {[%emt 0:00:08]}
114. Kb6 {[%emt 0:00:02]} Rh1 {[%emt 0:00:13]} 115. Ra3 {[%emt 0:00:03]} Rh7 {
[%emt 0:00:05]} 116. c6 {[%emt 0:00:05]} Rb7+ {[%emt 0:00:02]} 117. Kc5 {[%emt
0:00:01]} Rh7 {[%emt 0:00:01]} 118. Rg3 {[%emt 0:00:03]} Kc7 {[%emt 0:00:02]}
119. Rg5 {[%emt 0:00:01]} Rf7 {[%emt 0:00:01]} 120. Rd5 {[%emt 0:00:01]} Rh7 {
[%emt 0:00:00]} 121. Kb5 {[%emt 0:00:01]} Rg7 {[%emt 0:00:01]} 122. Rf5 {[%emt
0:00:01]} Rh7 {[%emt 0:00:01]} 123. Rf6 {[%emt 0:00:00]} Rh5+ {[%emt 0:00:02]}
124. Kb4 {[%emt 0:00:02]} Rg5 {[%emt 0:00:01]} 125. Rh6 {[%emt 0:00:01]} Rf5 {
[%emt 0:00:01]} 126. Kc4 {[%emt 0:00:01]} Rg5 {[%emt 0:00:01]} 127. Kd4 {[%emt
0:00:00]} Rf5 {[%emt 0:00:01]} 128. Ke4 {[%emt 0:00:00]} Rc5 {[%emt 0:00:01]
Mtv star offers a draw} 129. Rh7+ {[%emt 0:00:05]} Kxc6 {[%emt 0:00:01]} 130.
Rh8 {[%emt 0:00:01] Novoselski offers a draw Arbiter Decision (Draw by
material)} 1/2-1/2